The day the universe changed / (Запис № 486916)

МАРК-запис
000 -LEADER
fixed length control field 01375pam a2200337 a 4500
001 - CONTROL NUMBER
control field dayuniversechang00burk
003 - CONTROL NUMBER IDENTIFIER
control field CaSfIA
005 - DATE AND TIME OF LATEST TRANSACTION
control field 20210118001209.0
007 - PHYSICAL DESCRIPTION FIXED FIELD--GENERAL INFORMATION
fixed length control field cr||||
008 - FIXED-LENGTH DATA ELEMENTS--GENERAL INFORMATION
fixed length control field 850419r1985 maua b 001 0 eng
035 ## - SYSTEM CONTROL NUMBER
-- (DLC) 85010137
010 ## - LIBRARY OF CONGRESS CONTROL NUMBER
LC control number 85010137
020 ## - INTERNATIONAL STANDARD BOOK NUMBER
International Standard Book Number 0316116955 :
Terms of availability $27.50
040 ## - CATALOGING SOURCE
Original cataloging agency DLC
Transcribing agency DLC
Modifying agency DLC
-- CaSfIA
050 00 - LIBRARY OF CONGRESS CALL NUMBER
Classification number Q125
Item number .B947 1985
082 00 - DEWEY DECIMAL CLASSIFICATION NUMBER
Classification number 509
Edition number 19
100 1# - MAIN ENTRY--PERSONAL NAME
Personal name Burke, James,
Dates associated with a name 1936-
245 14 - TITLE STATEMENT
Title The day the universe changed /
Medium [electronic resource]
Statement of responsibility, etc James Burke.
250 ## - EDITION STATEMENT
Edition statement 1st American ed.
260 ## - PUBLICATION, DISTRIBUTION, ETC. (IMPRINT)
Place of publication, distribution, etc Boston :
Name of publisher, distributor, etc Little, Brown,
Date of publication, distribution, etc c1985.
300 ## - PHYSICAL DESCRIPTION
Extent 352 p. :
Other physical details ill. (some col.) ;
Dimensions 26 cm.
504 ## - BIBLIOGRAPHY, ETC. NOTE
Bibliography, etc Bibliography: p. 339-343.
500 ## - GENERAL NOTE
General note Includes index.
506 ## - RESTRICTIONS ON ACCESS NOTE
Standardized terminology for access restriction Необхідна авторизація на https://archive.org/ (створення облікового запису безкоштовно)
506 ## - RESTRICTIONS ON ACCESS NOTE
Standardized terminology for access restriction Необхідна авторизація на https://openlibrary.org/ (створення облікового запису безкоштовно)
650 #0 - SUBJECT ADDED ENTRY--TOPICAL TERM
Topical term or geographic name as entry element Science
General subdivision History.
650 #0 - SUBJECT ADDED ENTRY--TOPICAL TERM
Topical term or geographic name as entry element Technology
General subdivision History.
856 41 - ELECTRONIC LOCATION AND ACCESS
Uniform Resource Identifier <a href="http://www.archive.org/details/dayuniversechang00burk">http://www.archive.org/details/dayuniversechang00burk</a>
Public note Free eBook from the Internet Archive
856 42 - ELECTRONIC LOCATION AND ACCESS
Uniform Resource Identifier <a href="http://www.openlibrary.org/books/OL3029598M">http://www.openlibrary.org/books/OL3029598M</a>
Public note Additional information and access via Open Library
942 ## - ADDED ENTRY ELEMENTS (KOHA)
Koha item type ЕКнига

Немає доступних примірників.